Islam v premenách času základné otázky islamskej ortodoxie a ortopraxe
Uložené v:
| Hlavný autor: | |
|---|---|
| Korporativný autor: | |
| Ďalší autori: | , |
| Médium: | Kniha |
| Jazyk: | Slovak |
| Vydavateľské údaje: |
Bratislava
Vydavateľstvo EKONÓM
2018
|
| Predmet: | |
| Tagy: |
Žiadne tagy, Buďte prvý, kto otaguje tento záznam!
|
MARC
| LEADER | 00000nam a2200000 4500 | ||
|---|---|---|---|
| 001 | 0249391 | ||
| 005 | 20240502074004.1 | ||
| 020 | |a 978-80-225-4559-4 | ||
| 041 | 0 | |a slo | |
| 044 | |a SK | ||
| 245 | 1 | 0 | |a Islam v premenách času |b základné otázky islamskej ortodoxie a ortopraxe |c Ľubomír Čech ; recenzenti: Dalibor Vlček, Rudolf Kucharčík |
| 264 | 1 | |a Bratislava |b Vydavateľstvo EKONÓM |c 2018 | |
| 300 | |a 166 s. [10,71 AH] | ||
| 610 | 2 | 0 | |a islam |
| 610 | 2 | 0 | |a história |
| 610 | 2 | 0 | |a mládež |
| 610 | 2 | 0 | |a vzťahy medziľudské |
| 610 | 2 | 0 | |a rodina |
| 610 | 2 | 0 | |a štýl životný |
| 610 | 2 | 0 | |a problémy spoločenské |
| 610 | 2 | 0 | |a rozvodovosť |
| 610 | 2 | 0 | |a postavenie žien |
| 610 | 2 | 0 | |a spory súdne |
| 610 | 2 | 0 | |a moslimovia |
| 610 | 2 | 0 | |a komunikácia |
| 100 | 1 | |a Čech, Ľubomír, 1955- | |
| 700 | 1 | |a Vlček, Dalibor | |
| 700 | 1 | |a Kucharčík, Rudolf, 1977- | |
| 710 | 2 | |a Ekonomická univerzita v Bratislave. Fakulta medzinárodných vzťahov | |